000 00532nam a22001817a 4500
005 20241120102332.0
008 241120b |||||||| |||| 00| 0 eng d
020 _a9982110012
041 _aEnglish
082 _a968.8 NAM
100 _lEnglish
245 _aNamibia: A Direct United Nations Responsibility
250 _aFirst Edition
260 _aLusaka:
_bUnited Nations Institute for Namibia,
_c1987
300 _b408 pages;
_c25 cm.
650 _aLegal practice
_bLaw
942 _cBK
_6ALISON_BN_VRIES
999 _c3244
_d3244